书目信息 |
| 题名: |
基于智慧支付的智慧城市顶层设计研究与实践
|
|
| 作者: | 谢振东 编著 | |
| 分册: | ||
| 出版信息: | 北京 人民交通出版社股份有限公司 2019.11 |
|
| 页数: | 230页 | |
| 开本: | 23cm | |
| 丛书名: | 城市智能交通设计与实践技术丛书 | |
| 单 册: | ||
| 中图分类: | F299.2 | |
| 科图分类: | ||
| 主题词: | 现代化城市--xian dai hua cheng shi--城市建设--研究--中国 | |
| 电子资源: | ||
| ISBN: | 978-7-114-16042-4 | |
| 000 | 01199nam 2200277 450 | |
| 001 | 0100028453 | |
| 005 | 20211025120159.0 | |
| 010 | @a978-7-114-16042-4@dCNY58.00 | |
| 100 | @a20200306d2019 em y0chiy50 ea | |
| 101 | 0 | @achi |
| 102 | @aCN@b110000 | |
| 105 | @aak a 000yy | |
| 106 | @ar | |
| 200 | 1 | @a基于智慧支付的智慧城市顶层设计研究与实践@Aji yu zhi hui zhi fu de zhi hui cheng shi ding ceng she ji yan jiu yu shi jian@f谢振东 ... [等] 编著 |
| 210 | @a北京@c人民交通出版社股份有限公司@d2019.11 | |
| 215 | @a230页@c图@d23cm | |
| 225 | 2 | @a城市智能交通设计与实践技术丛书@Acheng shi zhi neng jiao tong she ji yu shi jian ji shu cong shu |
| 304 | @a题名页题其余责任者: 方秋水, 吴金成, 李之明, 徐锋 | |
| 320 | @a有书目 (第223-230页) | |
| 330 | @a本书分六章: 内容包括: 智慧支付的发展历程 ; 智慧支付技术概览 ; 基于智慧支付的智慧城市顶层设计 ; 基于智慧支付的智慧城市服务形态及应用 ; 基于智慧支付的智慧城市大数据平台建设等。 | |
| 410 | 0 | @12001 @a城市智能交通设计与实践技术丛书 |
| 606 | 0 | @a现代化城市@Axian dai hua cheng shi@x城市建设@x研究@y中国 |
| 690 | @aF299.2@v5 | |
| 701 | 0 | @a谢振东@Axie zhen dong@4编著 |
| 801 | 0 | @aCN@c20210909 |
| 905 | @a河南城建学院图书馆@dF299.2@eX490 | |
| 基于智慧支付的智慧城市顶层设计研究与实践/谢振东 ... [等] 编著.-北京:人民交通出版社股份有限公司,2019.11 |
| 230页:图;23cm.-(城市智能交通设计与实践技术丛书) |
| ISBN 978-7-114-16042-4:CNY58.00 |
| 本书分六章: 内容包括: 智慧支付的发展历程 ; 智慧支付技术概览 ; 基于智慧支付的智慧城市顶层设计 ; 基于智慧支付的智慧城市服务形态及应用 ; 基于智慧支付的智慧城市大数据平台建设等。 |
| ● |
| 相关链接 |
|
|
|
正题名:基于智慧支付的智慧城市顶层设计研究与实践
索取号:F299.2/X490
 
预约/预借
| 序号 | 登录号 | 条形码 | 馆藏地/架位号 | 状态 | 备注 |
| 1 | 1545396 | 215453961 | 社科库409/409社科库 114排2列4层/ [索取号:F299.2/X490] | 在馆 | |
| 2 | 1545397 | 215453970 | 社科库409/409社科库 114排2列4层/ [索取号:F299.2/X490] | 在馆 |